00886nam a2200229 a 450000100060000000300080000600500170001400800410003103500190007204000390009104100080013008200240013824502280016226000390039030000260042949000320045550400510048760000200053865000210055870000450057983000320062432137BD-RjUL20211209051807.0140423s1972 ii b 001 0beng d a(BD-RjUL)32226 aCcCdCStRLINdUkOxUdBD-RjULbeng aeng04223a294.3bLIF 197204aThe life of the Buddha and the early history of his order :bderived from Tibetan works in the Bkah-hgyur and Bstan-hgyur : followed by notices on the early history of Tibet and Khoten /ctranslated by W.Woodville Rockhill. aIndia :bOrientalia Indica,c1972. axii, 273 p. ;c22 cm.1 aTrübner's oriental series aIncludes bibliographical references and index.00aGautama Buddha. 0aBuddhismzIndia.1 aRockhill, William Woodville,d1854-1914. 0aTrübner's oriental series